Statistics for Counties of Ireland

Click here to take the quiz!

General Stats

  • This quiz has been taken 774 times
    (773 since last reset)
  • The average score is 20 of 26

Answer Stats

County% Correct
Cork
94%
Dublin
94%
Galway
87%
Kerry
85%
Waterford
83%
Wexford
82%
Limerick
80%
Sligo
79%
Donegal
79%
Mayo
78%
Meath
78%
Clare
77%
Kilkenny
77%
Tipperary
76%
Westmeath
75%
Wicklow
74%
Louth
71%
Kildare
70%
Roscommon
70%
Cavan
69%
Laois
67%
Carlow
64%
Leitrim
63%
Monaghan
63%
Offaly
61%
Longford
60%

Score Distribution

Percentile by Number Answered

Percent of People with Each Score

Your Score History

You have not taken this quiz since the last reset